| 000 | 01794nam a22003855i 4500 | ||
|---|---|---|---|
| 999 |
_c23843 _d23815 |
||
| 003 | EG-ScBUE | ||
| 005 | 20201108111316.0 | ||
| 008 | 140703m20142015maua f 001 0 eng d | ||
| 020 | _a9781285750712 (volume 1) | ||
| 020 | _a9781285750729 (volume 2) | ||
| 020 | _a9781285750743 (volume 4) | ||
| 020 | _a9781285750750 (volume 5) | ||
| 040 |
_aEG-ScBUE _beng _erda _dEG-ScBUE _cEG-ScBUE |
||
| 082 | 0 | 4 |
_a808.0428 _bFOL _222 |
| 100 | 1 |
_aFolse, Keith S., _eauthor. _912629 |
|
| 245 | 1 | 0 |
_aGreat writing / _cKeith S. Folse, University of Central Florida, April Muchmore-Vokoun, Hillsborough Community College, Elena Vestri Solomon, Khalifa University of Science, Technology, and Research, UAE, Tison Pugh, University of Central Florida. |
| 250 | _aFourth edition. | ||
| 264 | 1 |
_aBoston, MA : _bNational Geographic Learning / Cengage Learning, _bCengage Learning, _c2014-2015. |
|
| 300 |
_avolumes <1, 2, 4, 5> : _billustrations (colors) ; _c28 cm |
||
| 336 |
_2rdacontent _atext _btxt |
||
| 337 |
_2rdamedia _aunmediated _bn |
||
| 338 |
_2rdacarrier _avolume _bnc |
||
| 500 | _aIncludes appendices. | ||
| 500 | _aIncludes index. | ||
| 505 | 2 | _aVolume 1. Great sentences for great paragraphs -- Volume 2. Great paragraphs -- Volume 4. Great essays -- Volume 5. From great essays to research. | |
| 650 | 7 |
_aEnglish language _xParagraphs _vProblems, exercises, etc. _2BUEsh _936023 |
|
| 650 | 7 |
_aEnglish language _xRhetoric _vProblems, exercises, etc. _2BUEsh _930923 |
|
| 650 | 7 |
_aEnglish language _xSentences _vProblems, exercises, etc. _2BUEsh _99255 |
|
| 653 |
_bHHUUEENN _cJanuary2017 |
||
| 655 |
_vReading book _934232 |
||
| 700 | 1 |
_aMuchmore-Vokoun, April, _eauthor. _936026 |
|
| 700 | 1 |
_aSolomon, Elena Vestri, _eauthor. _936024 |
|
| 700 | 1 |
_aPugh, Tison, _eauthor. _912634 |
|
| 942 |
_2ddc _cBB |
||